00389nam a2200145Ia 4500100001700000942000700017654001200024245003000036260002800066082001700094300000800111546001200119999001700131952009500148 aAlli/Syed R  cBK adigital aDigital switching system bTata Mc Graw hillc2002 a621.387bALI a219 aENGLISH c28928d28928 001040708CRCaCRCEbCRCEd2023-03-17l0o621.387 ALIp13212r2023-03-17w2023-03-17yBK